000 00849nab a2200265 u 4500
001 22114
003 HDC
007 cr bn ---aaaaa
008 210311b2014mmddmy d||ne |||| 00| 0 may d
040 _aHDC
100 _aHamizah Badiran
_97601
245 0 _aPati 8 herba semula jadi
_c/ Hamizah Badiran
260 _aMalaysia:
_bNew Straits Times Press (M) Bhd.,
_c2014
300 _a1 online resource (page 56)
336 _atext
_2rdacontent
337 _acomputer
_2rdamedia
338 _aonline resource
_2rdacarrier
650 _aEntrepreneurs
_951
650 _aHerbs
_97675
710 _aHarian Metro
856 _zRequest full-text at [email protected]
942 _2lcc
942 _cNEWS
942 _kNWSC 007550
999 _c19430
_d19430